Statistics for Ligue 1 Champions Best Scorer

Click here to take the quiz!

General Stats

  • This quiz has been taken 198 times
    (160 since last reset)
  • The average score is 11 of 52

Answer Stats

Scorer% Correct
Kylian Mbappé
99%
Zlatan Ibrahimović
96%
Edinson Cavani
92%
Radamel Falcao
81%
Olivier Giroud
80%
Karim Benzema
65%
Juninho
61%
Burak Yılmaz
59%
Jean-Pierre Papin
55%
Michel Platini
48%
Mamadou Niang
37%
Just Fontaine
36%
Moussa Sow
33%
Marouane Chamakh
29%
Sonny Anderson
29%
David Trezeguet
26%
Fred
23%
Sylvain Wiltord
23%
David Ginola
21%
Dominique Rocheteau
18%
Fernando Cavenaghi
12%
Patrice Loko
10%
Josip Skoblar
9%
Eugène N'Jo Léa
8%
Péguy Luyindula
8%
Delio Onnis
6%
Hervé Revelli
6%
Bernard Lacombe
5%
Jacky Simon
5%
Corentin Martins
2%
Vahid Halilhodžić
2%
André Guy
1%
Anto Drobnjak
1%
Jacques Foix
1%
Mark Hateley
1%
Olivier Monterrubio
1%
Albert Gemmrich
0%
André Strappe
0%
Ángel Marcos
0%
Bram Appel
0%
Eric Pécout
0%
Hassan Akesbi
0%
Jean Courteaux
0%
Joseph Ujlaki
0%
Lucien Cossou
0%
Omar Sahnoun
0%
Oscar Trossero
0%
Pär Bengtsson
0%
Philippe Fargeon
0%
Philippe Gondet
0%
Ralf Edström
0%
René Bliard
0%

Score Distribution

Percentile by Number Answered

Percent of People with Each Score

Your Score History

You have not taken this quiz since the last reset